Регионална библиотека "Любен Каравелов" - Русе

Гнездо орлово (Запис номер 141803)

MARC детайли
000 -Лидер
Контролно поле с фиксирана дължина nam a22 a 4500
003 - Код на организацията, давaща контролен номер
Контролно поле BLK
005 - Дата и час на последна редакция
Контролно поле 20230116101529.0
008 - Елементи от данни с фиксирана дължина
fixed length control field 180409b bul|||||r ||||||| ||bul||
010 ## - Наследен системен номер
LC control number KNG00147877000
040 ## - Източник на каталожния запис
Идентификатор на билиотеката - собственик на записа BLK
041 ## - Код за език
Код за езика на текст/звукозапис или на отделно заглавие Български
Код за езика КДБФ Български
080 ## - УДК
Текстов определител УДК Българска литература
УДК код - определител по УДК 821.163.2
УДК определител -93-1
УДК - код + определител 821.163.2-93-1
100 1# - Редна дума - Автор
Автор Поптонев, Стефан Димов
Авторска отговорност първи автор
R(LIN) 364976
139 ## - Редно поле
Редна дума Поптонев, Стефан Димов
Авторски знак Попт - П 78
245 10 - Сведения за заглавието
Заглавие Гнездо орлово
Подзаглавни данни Стихове за юноши
Редно поле (дума) Стефан Димов Поптонев; худож. Генчо Денчев.
257 ## - Страна на издаване
Страна на създаване/издаване България
260 ## - Област на издателските данни
Име на издателя, разпространителя и проч. Бълг. писател
Година на издаване 1965
Място на издаване, разпространение и проч. София
300 ## - Физическа характеристика
Страници 91 с.
Илюстрации и др. с ил.
Размери/Мащаб 21см
380 ## - Жанр
Жанр Детска худож. лит.
500 ## - Общи забележки
Забележка 4 100 тир.
700 1# - Други автори (авторска отговорност)
Лично име Денчев, Генчо
Автороска отговорност (Описва отношението между автора и произведението) худож.
Друга информация Дръцков, Генчо Денчев
9 (RLIN) 376947
852 ## - Местоположение
Форматна сигнатура Цб 261910
856 4# - Електронен адрес и достъп
Електронен формат pdf - файл
Инструкция (цена за достъп) 0.00
Права за достъп disable
856 4# - Електронен адрес и достъп
Електронен формат pdf - файл
Инструкция (цена за достъп) 0.00
Права за достъп disable
999 ## - СИСТЕМНИ КОНТРОЛНИ НОМЕРА
Koha biblionumber 141803
Koha biblioitemnumber 141803
942 ## - АРТИКУЛИ
Вид на библиотечния материал Книги
Скрит в OPAC Не
Периодичен библиозапис Да
944 ## - СЪЗДАВАНЕ И РЕДАКЦИЯ на ЗАПИСА
Създаване/Редакция Създаване
Дата на регистрацията/редакция 31.07.2013
Статус, дата на статуса 31.07.2013 - от С1,Р / 31.07.2013
Служител, извършил регистрацията/редакцията Елиза_Атанасова
944 ## - СЪЗДАВАНЕ И РЕДАКЦИЯ на ЗАПИСА
Създаване/Редакция Редакция
Дата на регистрацията/редакция 31.07.2013
Статус, дата на статуса 31.07.2013 - от С1,Р / 31.07.2013
999 ## - СИСТЕМНИ КОНТРОЛНИ НОМЕРА
Koha biblioitemnumber 141803
Наличности
Код за отписване Код за изгубен артикул Източник на класификационната схема Код за повреда Коз за рестрикции Код за отдаване Артикулен № Име на библиотеката - собственик Име на библиотеката, в която се намира в момента Статус (Текущо местоположение) Дата на вписване в системата Местоположение - отдел Цена в лева Инвентарен номер Систематично азбучна сигнатура Баркод Номер на екземпляра Цена в евро Служебна бележка Служебен тип на артикула
  Не е изгубен Universal Decimal Classification Не е повреден без рестрикции ползва се в читалня 233936 Регионална библиотека "Любен Каравелов" Русе Регионална библиотека "Любен Каравелов" Русе Хранилище 1965-01-01 Хранилище 0.39 7193/65 Цб 261910 900000043414 1 0.20 Вид: Сф N: стар фонд Дата: 01.01.1965 Книги
Изтеглен Не е изгубен Universal Decimal Classification Не е повреден без рестрикции заемане за дома 233937 Регионална библиотека "Любен Каравелов" Русе Регионална библиотека "Любен Каравелов" Русе Детски отдел 1965-01-01 Детски отдел 0.39 7890/65 Д 7890/65 2 0.20 Вид: Сф N: стар фонд Дата: 01.01.1965 Книги
Vip Innovations Ltd, Rousse, Bulgaria 2025